Southville International School and Colleges
Your cart is empty.
  • Cart
  • Lists
    Public lists list_1 View all
    Your lists Log in to create your own lists
  • Log in to your account
  • Your cookies
  • Search history
Southville International School and Colleges
  • Advanced search
  • Recent comments
  • Most popular
  • Libraries

Log in to your account

Log in with GOOGLE


If you do not have an external account, but do have a local account, you can still log in:

  1. Home
  2. MARC view: Heinemann IGCSE mathematics :
Normal view MARC view ISBD view

Heinemann IGCSE mathematics : (Record no. 282570)

[ view plain ]
MARC details
000 -LEADER
fixed length control field 00493nam a22001697a 4500
005 - DATE AND TIME OF LATEST TRANSACTION
control field 20150210131955.0
008 - FIXED-LENGTH DATA ELEMENTS--GENERAL INFORMATION
fixed length control field 150210b xxu||||| |||| 00| 0 eng d
020 ## - INTERNATIONAL STANDARD BOOK NUMBER
International Standard Book Number 9780435966935
050 ## - LIBRARY OF CONGRESS CALL NUMBER
Classification number QA 11
Item number .N994 2009
100 ## - MAIN ENTRY--PERSONAL NAME
Personal name Nye, Colin.
245 ## - TITLE STATEMENT
Title Heinemann IGCSE mathematics :
Remainder of title teacher's CD /
Statement of responsibility, etc Colin Nye.
260 ## - PUBLICATION, DISTRIBUTION, ETC. (IMPRINT)
Place of publication, distribution, etc United Kingdom :
Name of publisher, distributor, etc Pearson Education,
Date of publication, distribution, etc c2009.
300 ## - PHYSICAL DESCRIPTION
Accompanying material + 1 CD ROM (3/4) inches.
650 ## - SUBJECT ADDED ENTRY--TOPICAL TERM
Topical term or geographic name as entry element Mathematics.
650 ## - SUBJECT ADDED ENTRY--TOPICAL TERM
Topical term or geographic name as entry element Teacher's guide.
942 ## - ADDED ENTRY ELEMENTS (KOHA)
Source of classification or shelving scheme Library of Congress Classification
Koha item type Books
Holdings
Withdrawn status Lost status Source of classification or shelving scheme Damaged status Home library Current library Shelving location Date acquired Source of acquisition Total Checkouts Full call number Barcode Date last seen Price effective from Koha item type
    Library of Congress Classification   Luxembourg Library Luxembourg Library Audio Visual Material Section 02/10/2015 Library Fund   QA 11 .N994 2009 AV1528 01/15/2020 02/10/2015 Audio Visual Materials
    Library of Congress Classification   Luxembourg Library Luxembourg Library Audio Visual Material Section 02/10/2015 Library Fund   QA 11 .N994 2009 AV1529 04/07/2015 02/10/2015 Audio Visual Materials

Heinemann IGCSE mathematics :

APA

Nye C., . (2009). Heinemann IGCSE mathematics. United Kingdom: Pearson Education.

Chicago

Nye Colin, . 2009. Heinemann IGCSE mathematics. United Kingdom: Pearson Education.

Harvard

Nye C., . (2009). Heinemann IGCSE mathematics. United Kingdom: Pearson Education.

MLA

Nye Colin, . Heinemann IGCSE mathematics. United Kingdom: Pearson Education. 2009.

  • Place hold
  • Print
  • Cite
  • Add to your cart (remove)
  • Save record
    BIBTEX Dublin Core MARCXML MARC (non-Unicode/MARC-8) MARC (Unicode/UTF-8) MARC (Unicode/UTF-8, Standard) MODS (XML) RIS
  • More searches
    Search for this title in:
    Other Libraries (WorldCat) Other Databases (Google Scholar) Online Stores (Bookfinder.com) Open Library (openlibrary.org)

Exporting to Dublin Core...

SOUTHVILLE LIBRARY

Southville International School and Colleges Library

1281 Tropical Ave. Cor. Luxembourg St., BF Homes International, Las Pinas City

Tel. No. 8256374 / 252358 Loc. 117/146

Powered by Koha